German Leaders by Picture - Statistics

General Stats
  • This quiz has been taken 57 times
  • The average score is 9 of 16
Answer Stats
Picture Hint Answer % Correct
Modern Chancellor of Germany Angela Merkel
96%
Prussian statesman Otto von Bismarck
93%
Last Kaiser of the German Empire Wilhelm II
87%
First Kaiser of the German Empire Wilhelm I
74%
King of Prussia Frederick the Great
67%
First Chancellor of West Germany and co-founder of the CDU (political party) Konrad Adenauer
67%
World War I General and President of the Weimar Republic Paul von Hindenburg
63%
Chancellor of Germany who oversaw reunification Helmut Kohl
54%
General Secretary of East Germany, organized the building of the Berlin Wall Erich Honecker
46%
Holy Roman Emperor and crusader; nicknamed for his red beard Frederick Barbarossa
43%
King of Bavaria, built Neuschwanstein Castle Ludwig II
41%
Current President of Germany Frank-Walter Steinmeier
37%
Great Holy Roman Emperor, conquered Italy Otto I
37%
First President of Weimar Germany, Leader of the SPD (political party) Friedrich Ebert
30%
Chancellor and later Foreign Minister of the Weimar Republic Gustav Stresseman
17%
Grandson of Charlemagne, King of East Francia Louis the German
15%
No matching quizzes found
Score Distribution
Percent of People with Each Score
Percentile by Number Answered
Your Score History
You have not taken this quiz